| 000 | 00589 a2200241 4500 | ||
|---|---|---|---|
| 003 | DLC | ||
| 005 | 20260326133237.0 | ||
| 008 | 2023s2023 xx 000 0 eng d | ||
| 020 | _a9781975175641 | ||
| 040 |
_aDLC _beng |
||
| 050 | 4 | _aRT82 .H87 2023 | |
| 100 | 1 |
_aHuston, Carol J. _eauthor. |
|
| 245 | 1 | 0 |
_aProfessional Issues in Nursing _cCarol J. Huston |
| 250 | _a6th ed. | ||
| 264 | 1 |
_bLippincott Williams & Wilkins _c2023 |
|
| 300 | _axi, 412p.ill. | ||
| 336 | _2CC | ||
| 338 | _2CC | ||
| 650 | 0 | _aNursing | |
| 650 | 0 | _aNursing ethics | |
| 650 | 0 | _aNurses | |
| 942 |
_2lcc _cBK |
||
| 999 |
_c44183 _d44183 |
||